Mast foraging by west Indian manatees (<Trichechus manatus>) (Registro nro. 9710)

Detalles MARC
000 -CABECERA
Campo de control 004540000a22001450004500
090 ## - CLASIFICACIÓN LOCAL
Colección AR
Consecutivo 00618
041 0# - IDIOMA
Código de idioma para texto/pista de sonido o título separado
100 1# - ASIENTO PRINCIPAL--NOMBRE PERSONAL
Nombre personal O'Shea, Thomas J.
245 10 - MENCION DE TITULO
Título Mast foraging by west Indian manatees (<Trichechus manatus>)
650 14 - ASIENTO SECUNDARIO DE MATERIA - TERMINO TEMATICO
Término temático o nombre geográfico como elemento de entrada Mamíferos acuáticos
650 14 - ASIENTO SECUNDARIO DE MATERIA - TERMINO TEMATICO
Término temático o nombre geográfico como elemento de entrada Habitos alimentarios
653 ## - TERMINO DE INDIZACION - NO CONTROLADO
-- Trichechus
-- Trichechus manatus
-- manatí
773 1# - Item fuente:
Título Journal of Mammalogy
Especificación de materiales 106
Descripción física 1
Paginas del Articulo 183-185
Lugar, editorial y fecha de publicación 1986
Información sobre la relación 67
942 ## - ELEMENTOS ADICIONALES (KOHA)
Tipo de ítem Artículo
Existencias
Withdrawn status Lost status Damaged status No para préstamo Colección Ubicación Permanente Ubicación actual Fecha de adquisición Fuente de Valor Datos de publicación Seriada Total Checkouts Número topográfico Inventario / Código de Barras Date last seen Ejemplar Price effective from Forma de adquisición Tipo de material
      No para Préstamo Hemeroteca Bogotá Bogotá 27/02/2015 Muñoz Saba, Yaneth Fuera de circulación   AR 00618 010934 25/03/2015 1 25/03/2015   Artículo